1112 1640 1917 1310 1925 1930 1044 1470 1827 1515 1681 1260 1606 1344 1765 1606 1592 1297 1326 1547 1447 1329 1857 1696 1459 1965 1419 1256 1624 1453 1020 1265 1303 1121 1170 1881 1146 1108 1010 1685 1013 1609 1874 1457 1466 1886 1969 1098 1714 1902 1890 1502 1994 1037 1414 1472 1371 1861 1947 1742 1228 1899 1778 1468 1217 1376 1152 1142 1488 1149 1903 1330 1704 1518 1509 1063 1887 1934 1960 1155 1771 1283 1409 1069 1606 1799 1841 1782 1319 1194 1559 1565 1219 1108 1900 1355 1796 1594 1064 BCNSPRNW ULIB Ver.6.0+V

เปลี่ยนเป็นภาษาไทย

Change to English
 แสดงรายละเอียดบรรณานุกรม
  กลับหน้าหลัก

Brief Record : Get Marc (ISO 2709) : E-mail record : QR code < ปิดหน้าต่าง
LEADER : 00000nam 2200000uu 4500
001    13399115164
003     ULIB
008    120715s2552||||th 000 0 tha d
020    ^a9786160600762
090    ^aนว.^bห732พ 2552
100 0  ^aเหลียนอิ๋ง
245 00 ^aพรางเสน่หา/^cเหลียนอิ๋ง
250    ^aพิมพ์ครั้งที่ 1
260    ^aกรุงเทพฯ :^bแจ่มใส,^c2552
300    ^a208 หน้า
700 0  ^aเสี่ยวเฟิงหลิง ;^eแปล
710 1  ^aแจ่มใส
945    ^p149^l0^i16416
995    ^aกัณชพร
999    ^aใช้งานได้ทุกระบบ
รายการนี้ยังไม่มีแท็ก
คุณยังไม่ได้ล็อกอิน คุณสามารถมีกิจกรรมร่วมกับเว็บไซต์ได้ แต่ต้องล็อกอินก่อน ::
  ล็อกอิน

รายการสื่อสารสนเทศ

ลำดับที่ ประเภท เลขเรียก/บาร์โค้ด สถานที่ สถานะ
1. วิทยาศาสตร์การแพทย์ และสุขภาพ
วิทยาศาสตร์การแพทย์ และสุขภาพ
นว. ห732พ 2552  
  Barcode: 16416
ห้องสมุดวิทยาเขตสวรรค์ประชารักษ์
►นวนิยาย
บนชั้น
  ขอยืม

BibComment


ยังไม่เคยถูกคอมเมนท์

คอมเมนท์ทรัพยากรรายการนี้
  คอมเมนท์: พรางเสน่หา เหลีย..


 Copyright 2026. Bcnsprnw @Library